Venid y vamos todos

Saved in:
書目詳細資料
主要作者: Rodríguez París, Antonieta (Author)
格式: 圖書
語言:西班牙语
出版: Puerto Varas Centro de Recurso de Aprendizaje 1997
主題:
標簽: 添加標簽
沒有標簽, 成為第一個標記此記錄!

MARC

LEADER 00000nam a2200000 a 4500
001 UCK7784
003 CL-VaPUC
008 051209e19970000CL |||||||||||||||||spa|d
082 0 4 |a 264  |b ROD  |2 21 
100 0 |a Rodríguez París, Antonieta  |e author  |9 497400 
245 1 0 |a Venid y vamos todos 
300 |a 10 p 
942 |c BK 
945 |d 20051209 00:00:00  |a jtorresc 
260 |a Puerto Varas  |b Centro de Recurso de Aprendizaje  |c 1997 
650 0 |a Oración  |9 313348 
650 0 |a Teología   |9 258766 
583 |a last modification  |c 20051209 00:00:00  |k Rodrigo Vera 
999 |c 315630  |d 315628 
952 |0 0  |1 0  |4 0  |6 264_000000000000000_ROD_1997  |7 0  |8 A  |9 389169  |a BIBEDU  |b BIBEDU  |d 2019-11-22  |i 418999K  |o 264 ROD 1997  |p 418999K  |r 2019-11-22  |w 2019-11-22  |y BK  |k LIT